Statistics for Charlize Theron Movies Quiz

Click here to take the quiz!

General Stats

  • This quiz has been taken 46 times
    (30 since last reset)
  • The average score is 6 of 16

Answer Stats

YearDescriptionMovie% Correct
2015In post-apocalyptic Australia, steam punk villains fight to control the
only things that matter: water and gasoline
Mad Max: Fury Road
93%
2012Evil queen needs the life force of young maidens to maintain her beautySnow White and
the Huntsman
78%
2019Women at Fox News expose its CEO for sexual harassmentBombshell
70%
2003Prostitute gives up prostitution after killing a man who tries to brutalize herMonster
63%
2017Cyberterrorist coerces street racer to work for her and turns him against his teamThe Fate of
the Furious
48%
1997Lawyer realises that his employer is the devil himself and plans to torture himThe Devil's Advocate
44%
2008Unpopular superhero tries to enhance his public imageHancock
41%
2003Thief assembles a team of con artists and retaliates plan a gold heistThe Italian Job
41%
2020A team of immortal mercenaries get on a revenge missionThe Old Guard
37%
2017MI6 spy is sent on a mission to Berlin just before the collapse of its wallAtomic Blonde
30%
2012Explorers are sent to the darkest corner of the universe to find mankind's originsPrometheus
22%
2014The new woman in town grabs the attention of a sheep farmer in ArizonaA Million Ways to
Die in the West
19%
2005Woman with terminal cancer has a whirlwind month-long romanceSweet November
19%
1999Orphanage-worker decides to quit and goes on to experience the world
outside - after living there as an orphan
The Cider House
Rules
15%
2018Pregnant mother of three hires a night nannyTully
11%
2005Skilled warrior is tasked with assassinating a high-ranking government officialÆon Flux
7%

Score Distribution

Percentile by Number Answered

Percent of People with Each Score

Your Score History

You have not taken this quiz since the last reset